000 00944nam a2200289 a 4500
001 76888
003 BD-RjUL
005 20211209082912.0
008 200203s1930 nyu 000 0 eng
035 _a(BD-RjUL)77112
035 _a(OCoLC)1343677
040 _aDLC
_cOKentU
_dOU
_dDLC
_dBD-RjUL
_beng
041 _aeng
042 _apremarc
082 _223
_a813.5
_bMAC 1930
100 1 _aMay, Stella Burke.
_9238674
245 1 4 _aThe conqueror's lady :
_bInes Suarez /
_cby Stella Burke May ; with a frontispiece by Jean Charlot.
260 _aNew York :
_bFarrar & Rinehart, incorporated,
_cc1930.
300 _axiii, 331 p. :
_bill. ;
_c23 cm.
504 _aIncludes bibliography.
600 1 0 _aSuárez, Inés,
_dapproximately 1507-1580
_9238675
600 1 0 _aValdivia, Pedro de,
_d1500?-1554?
_9238676
651 0 _aChile
_xHistory
_yTo 1565
_vFiction.
_9238677
942 _2ddc
_cBK
999 _c76888
_d76888